00279nam a2200121Ia 45000030006000000080041000060400015000471000018000622450039000802600009001195460012001280050017001400STCL150530s9999 xx 000 0 und d aSTCLcSTCL aStrasbery Lee aFamous american plays of the 1950s c1962 aEnglish20220125171338.0